000 00345nam a2200109Ia 4500
008 171211s9999 xx 000 0 und d
245 4 _aThe Beatles and the Historians : An Analysis of Writings About the Fab Four
245 _cErin Torkelson Weber
260 _c2016
650 _xmusic
856 _uhttp://down.ebook777.com/062/9781476662664.pdf
999 _c348639
_d348639